000 00508cam a2200193ua 4500
001 8096
005 20260515114308.0
008 150110n ii |||gr||||Z||||||hin
040 _cMAIN
041 _ahin
082 _a294.5
100 _aBagrodia, D.P.,
_eTranslator.
245 _aSrimanta Sankaradeva`s assamese composition gunamala
_cTranslated by Devi Prasad Bagrodia
250 _a1st.
260 _aDibrugarh:
_bSudhir,
_c2010.
300 _a68p.
653 _aReligions ofIndic origin
942 _cBK
999 _c7207
_d7207